• 首页
  • 本馆介绍
  • 公告通知
  • 最新文献
  • 馆藏检索
  • 电子资源
  • 读者导购
  • 参考咨询
  • 我的图书馆
  • 登录
  • 详细信息显示
  • 放入我的书架
  • 预约/预借图书
  • 作者相关作品
  • 分类相关作品
  • 丛书相关作品
  • 出版社相关作品

书目信息

  • 表格格式
  • 工作单格式
  • 卡片格式
题名:
星球大战与美苏太空争夺
    
 
作者: 李瑞晨 著
分册:  
出版信息: 北京   世界知识出版社  1989.3
页数: 206页
开本: 19cm
丛书名: 当代世界知识丛书
单 册:
中图分类: E81 , E864
科图分类: 36.11
主题词: 星球大战计划--简介--美国 , 美苏关系 , 非常规战争
电子资源:
ISBN: 7-5012-0157-9
000 01013nam 2200313 45
001 0190009199
005 20061024155334.81
010    @a7-5012-0157-9@dCNY2.75
100    @a19901221d1989 em y0chiy0121 ea
101 0  @achi
102    @aCN@b110000
105    @ay z 000yy
106    @ar
200 10 @a星球大战与美苏太空争夺@AXING QIU DA ZHAN YU MEI SU TAI KONG ZHENG DUO@f李瑞晨等著@FLI RUI CHEN DENG ZHU
210    @a北京@c世界知识出版社@d1989.3
215    @a206页@d19cm
225 2  @a当代世界知识丛书
330    @a本书以史为主、史论结合,对1983年里根政府提出的“战略防御倡议”(也称“星球大战”计划)进行了全面系统地评述。
410  0 @120010@a当代世界知识丛书
540 1  @a星球大战 美苏太空 争夺@AXING QIU DA ZHAN MEI SU TAI KONG ZHENG DUO
606    @a星球大战计划@x简介@y美国
606    @a美苏关系
606 0  @a非常规战争
690    @aE81@v3
690    @aE864
692    @a36.11
701  0 @a李瑞晨@ALI RUI CHEN@4著
801  0 @aCN@bNLC@c20061024
905    @f4@b243823-826@dE864@e1
    
    星球大战与美苏太空争夺/李瑞晨等著.-北京:世界知识出版社,1989.3
    206页;19cm.-(当代世界知识丛书)
    
    
    ISBN 7-5012-0157-9:CNY2.75
    本书以史为主、史论结合,对1983年里根政府提出的“战略防御倡议”(也称“星球大战”计划)进行了全面系统地评述。
●
相关链接 在E读中查询图书 在五车中查询图书 在当当中查询图书 在豆瓣中查询图书


正题名:星球大战与美苏太空争夺     索取号:E864/1         预约/预借

序号 登录号 条形码 馆藏地/架位号 状态 备注
1 0243823   001263625   第一借阅区/ [索取号:E864/1] 在馆    
2 0243824   001263634   第一借阅区/ [索取号:E864/1] 在馆    
3 0243825   001263643   第一借阅区/ [索取号:E864/1] 在馆    
4 0243826   001263607   第一借阅区/ [索取号:E864/1] 在馆    
5 0243827   001263616   第一样本阅览室/ [索取号:E864/1] 在馆    
唐山师范学院图书馆 欢迎您!
大连网信软件有限公司© 版权所有